| 000 | 00479nam a2200205Ia 4500 | ||
|---|---|---|---|
| 001 | 14287 | ||
| 003 | GE_BSU | ||
| 008 | 181216s||||||||xx |||||||||||||| ||und|| | ||
| 020 | _a0002166445 | ||
| 040 | _cGE_BSU | ||
| 080 | _a635.9 | ||
| 100 | _aHobhouse,Penelope | ||
| 245 | 4 | _aThe Smaller Garden.Planning & Planting | |
| 260 | _aLondon | ||
| 260 | _bCollins | ||
| 260 | _c1981 | ||
| 300 | _a192p.ill.28cm. | ||
| 653 | _aThe Smaller Garden.Planning & Planting | ||
| 942 | _cBK | ||
| 999 |
_c47425 _d47425 |
||